Photography quarterly/ (Record no. 3773)

MARC details
000 -LEADER
campo de control de longitud fija 01291nam a22003737a 4500
003 - IDENTIFICADOR DE NÚMERO DE CONTROL
campo de control OSt
005 - FECHA Y HORA DE LA ÚLTIMA TRANSACCIÓN
campo de control 20230531112312.0
008 - DATOS DE LONGITUD FIJA--INFORMACIÓN GENERAL
campo de control de longitud fija 221006b |||||||| |||| 00| 0 eng d
040 ## - FUENTE DE CATALOGACIÓN
Centro/agencia transcriptor Biblioteca Lado V
082 ## - NÚMERO DE LA CLASIFICACIÓN DECIMAL DEWEY
Número de clasificación 779
Número de ítem K37p
100 ## - ENTRADA PRINCIPAL--NOMBRE DE PERSONA
9 (RLIN) 832
Nombre de persona Kenyon, Colleen
Término indicativo de función/relación director
245 ## - MENCIÓN DEL TÍTULO
Título Photography quarterly/
Resto del título Souvenirs of self latino/a & latin american art photography & video/
260 ## - PUBLICACIÓN, DISTRIBUCIÓN, ETC.
Nombre del editor, distribuidor, etc. Center for Photography at Woodstock
Fecha de publicación, distribución, etc. 2000
Lugar de publicación, distribución, etc. NEW YORK
300 ## - DESCRIPCIÓN FÍSICA
Dimensiones 21x28cm
Extensión 31p.
366 ## - INFORMACIÓN SOBRE DISPONIBILIDAD COMERCIAL
Nota eng
490 ## - MENCIÓN DE SERIE
Mención de serie 3
Designación de volumen o secuencia 19
Número Internacional Normalizado para Publicaciones Seriadas 0890-4639
505 ## - NOTA DE CONTENIDO CON FORMATO
Nota de contenido con formato Introduction
505 ## - NOTA DE CONTENIDO CON FORMATO
Nota de contenido con formato Personal Permanent Records
505 ## - NOTA DE CONTENIDO CON FORMATO
Nota de contenido con formato 9 Movements Toward a Possible Identikit
505 ## - NOTA DE CONTENIDO CON FORMATO
Nota de contenido con formato Bretaying Amnesia, Portraying Ourselves
505 ## - NOTA DE CONTENIDO CON FORMATO
Nota de contenido con formato In Light
505 ## - NOTA DE CONTENIDO CON FORMATO
Nota de contenido con formato Opportunity Knocks
505 ## - NOTA DE CONTENIDO CON FORMATO
Nota de contenido con formato Noted Books
505 ## - NOTA DE CONTENIDO CON FORMATO
Nota de contenido con formato Artist's Books
505 ## - NOTA DE CONTENIDO CON FORMATO
Nota de contenido con formato Artbabble
505 ## - NOTA DE CONTENIDO CON FORMATO
Nota de contenido con formato Reviews
650 ## - PUNTO DE ACCESO ADICIONAL DE MATERIA--TÉRMINO DE MATERIA
Fuente del encabezamiento o término Tesauro de Arte & Arquitectura
Término de materia o nombre geográfico como elemento de entrada ARTE
9 (RLIN) 703
650 ## - PUNTO DE ACCESO ADICIONAL DE MATERIA--TÉRMINO DE MATERIA
Fuente del encabezamiento o término Tesauro de Arte & Arquitectura
Término de materia o nombre geográfico como elemento de entrada FOTOGRAFIA
9 (RLIN) 702
650 ## - PUNTO DE ACCESO ADICIONAL DE MATERIA--TÉRMINO DE MATERIA
Fuente del encabezamiento o término Tesauro de Arte & Arquitectura
Término de materia o nombre geográfico como elemento de entrada AMERICA LATINA
9 (RLIN) 702
650 ## - PUNTO DE ACCESO ADICIONAL DE MATERIA--TÉRMINO DE MATERIA
Fuente del encabezamiento o término Tesauro de Arte & Arquitectura
Término de materia o nombre geográfico como elemento de entrada VIDEO
650 ## - PUNTO DE ACCESO ADICIONAL DE MATERIA--TÉRMINO DE MATERIA
Fuente del encabezamiento o término Tesauro de Arte & Arquitectura
Término de materia o nombre geográfico como elemento de entrada INGLES
651 ## - PUNTO DE ACCESO ADICIONAL DE MATERIA--NOMBRE GEOGRÁFICO
Fuente del encabezamiento o término Tesauro de Arte & Arquitectura
Nombre geográfico NEW YORK
942 ## - ELEMENTOS DE ENTRADA SECUNDARIOS (KOHA)
Fuente del sistema de clasificación o colocación Clasificación Decimal Dewey
Tipo de ítem Koha Libros
Parte de la signatura que corresponde a la clasificación (Parte de la clasificación) 779
Parte de la signatura que identifica el ejemplar (Parte del ítem) K37p
Suprimir en OPAC No
Holdings
Estatus retirado Estado de pérdida Fuente del sistema de clasificación o colocación Especificación de materiales (volumen encuadernado u otra parte) Estado de daño No para préstamo Colección Biblioteca de origen Biblioteca actual Fecha de adquisición Enumeración/cronología de publicación seriada Número de inventario Total de préstamos Signatura topográfica completa Código de barras Visto por última vez Precio de reemplazo Tipo de ítem Koha
    Clasificación Decimal Dewey 19     Revistas Biblioteca LadoV Biblioteca LadoV 31/05/2023 3 003444   779 K37p 003444 31/05/2023 31/05/2023 Libros